Derechos, trabajo y empleo: por una renovación de los derechos en el trabajo

Tallennettuna:
Bibliografiset tiedot
Päätekijä: López Fernández, Diego (autor)
Aineistotyyppi: Kirja
Kieli:espanja
Julkaistu: Santiago LOM 2004
Painos:1a. ed
Sarja:Colección Ciencias Humanas
Aiheet:
Tagit: Lisää tagi
Ei tageja, Lisää ensimmäinen tagi!

MARC

LEADER 00000nam a2200000 a 4500
001 UCK3542
003 CL-VaPUC
008 050429e20040000CL |||||||||||||||||spa|d
020 |a 9562826600 
082 0 4 |a 344.0101  |b LOP  |2 21 
100 |a López Fernández, Diego  |e autor  |9 580861 
245 1 0 |a Derechos, trabajo y empleo: por una renovación de los derechos en el trabajo 
250 |a 1a. ed 
300 |a 222 p 
942 |c BK 
945 |d 20050429 00:00:00  |a cmena 
260 |a Santiago  |b LOM  |c 2004 
650 7 |a DERECHO LABORAL  |2 CL-VaPUC  |9 15 
650 0 |a Desempleo   |9 257579 
583 |a last modification  |c 20171121 12:32:40  |k Rodrigo Vera 
490 0 |a Colección Ciencias Humanas 
999 |c 312677  |d 312675 
952 |0 0  |1 0  |4 0  |6 344_010100000000000_LOP_2004  |7 0  |8 A  |9 383320  |a BIBDER  |b BIBDER  |d 2019-11-21  |i 4113322  |o 344.0101 LOP 2004  |p 4113322  |r 2023-01-25  |w 2019-11-21  |y BK  |k DER